000
00244nam a2200097Ia 4500
001
721523
005
20250826163254.0
008
250824s9999 xx 000 0 und d
245
0
_a
ÖLÜM PEYGAMBERİ
_c
ALEIN KENTIGERNA
260
_b
PANAMA YAYINLARI
999
_c
721523
_d
721523